Irrigation engineering / (Record no. 2690)
[ view plain ]
| 000 -LEADER | |
|---|---|
| fixed length control field | 00482cam a2200193ua 4500 |
| 020 ## - INTERNATIONAL STANDARD BOOK NUMBER | |
| ISBN | 81 224 0457 x |
| 041 ## - LANGUAGE CODE | |
| Language code of text/sound track or separate title | eng |
| 082 ## - DEWEY DECIMAL CLASSIFICATION NUMBER | |
| Classification number | 631.5871 |
| Item number | ASA/IR |
| 100 ## - MAIN ENTRY--AUTHOR NAME | |
| Personal name | Asawa, G I . |
| 245 ## - TITLE STATEMENT | |
| Title | Irrigation engineering / |
| 260 ## - PUBLICATION, DISTRIBUTION, ETC. (IMPRINT) | |
| Place of publication | New Delhi : |
| Name of publisher | Wiley Eastern Ltd , |
| Year of publication | 1993. |
| 300 ## - PHYSICAL DESCRIPTION | |
| Number of Pages | 568 ; . |
| 942 ## - ADDED ENTRY ELEMENTS (KOHA) | |
| Koha item type | Books |
| Withdrawn status | Lost status | Damaged status | Home library | Current library | Date acquired | Full call number | Accession Number | Koha item type | Shelving location |
|---|---|---|---|---|---|---|---|---|---|
| Withdrawn | Damaged | KAUAET | KAUAET | 07/04/2012 | 631.5871 | 18381 | Books | ||
| KAUAET | KAUAET | 07/04/2012 | 631.5871 | 18220 | Books | ||||
| KAUAET | KAUAET | 07/04/2012 | 631.5871 | 19213 | Books | ||||
| KAUAET | KAUAET | 14/09/2018 | 631.5871 ASA/IR | 18221 | Book Bank scheme for SC students | Scheme | |||
| KAUAET | KAUAET | 14/09/2018 | 631.5871 ASA/IR | 18222 | Book Bank scheme for SC students | Scheme | |||
| KAUAET | KAUAET | 14/09/2018 | 631.5871 ASA/IR | 18223 | Book Bank scheme for SC students | Scheme |
